000 00369nam a2200157Ia 4500
003 LK-CoDNM
008 010623t1888 xxu||||| |||| 00| 1 eng d
040 _aLK-CoDNM
_dLK-CoDNM
_eLK-CoDNM
041 _aeng
080 _a9 J 8
100 _aThurston,Edgar.
245 _aCoins
260 _bGovernment Press
_aMadras
_c1888
300 _b66p,11Pl., 25 cm
942 _cBK
999 _c82901
_d82901